Geology and ore deposits of the Bagdad area, Yavapai County, Arizona / (Record no. 29045)

MARC details
000 -LEADER
fixed length control field 01103cam a22002891i 4500
001 - CONTROL NUMBER
control field gs 56000124
003 - CONTROL NUMBER IDENTIFIER
control field DLC
005 - DATE AND TIME OF LATEST TRANSACTION
control field 20260227111404.0
008 - FIXED-LENGTH DATA ELEMENTS--GENERAL INFORMATION
fixed length control field 780406s1955 dcuabd b f000 0 eng
010 ## - LIBRARY OF CONGRESS CONTROL NUMBER
LC control number gs 56000124
035 ## - SYSTEM CONTROL NUMBER
System control number (OCoLC)3784457
040 ## - CATALOGING SOURCE
Original cataloging agency DLC
Transcribing agency OClU
Modifying agency ISS
-- OCoLC
-- DLC
050 00 - LIBRARY OF CONGRESS CALL NUMBER
Classification number QE75
Item number .P9 no. 278
051 ## - LIBRARY OF CONGRESS COPY, ISSUE, OFFPRINT STATEMENT
Classification number QE86.Y3
Item number A6
082 ## - DEWEY DECIMAL CLASSIFICATION NUMBER
Classification number 557.91
086 0# - GOVERNMENT DOCUMENT CLASSIFICATION NUMBER
Classification number I 19.16:278
100 1# - MAIN ENTRY--PERSONAL NAME
Personal name Anderson, Charles Alfred,
Dates associated with a name 1902-
245 00 - TITLE STATEMENT
Title Geology and ore deposits of the Bagdad area, Yavapai County, Arizona /
Statement of responsibility, etc. by C. A. Anderson, E. A. Scholz, and J. D. Strobell.
260 ## - PUBLICATION, DISTRIBUTION, ETC.
Place of publication, distribution, etc. Washington :
Name of publisher, distributor, etc. U.S. Govt. Print. Off.,
Date of publication, distribution, etc. 1955.
300 ## - PHYSICAL DESCRIPTION
Extent 103 p. :
Other physical details ill. (1 col.), maps (part fold., 1 col.), diagrs., tables. ;
Dimensions 29 cm.
410 20 - SERIES STATEMENT/ADDED ENTRY--CORPORATE NAME [OBSOLETE, CAN/MARC], [LOCAL, USA]
Corporate name or jurisdiction name as entry element Geological Survey (U.S.).
Title of a work Professional paper ;
Volume number/sequential designation 278
500 ## - GENERAL NOTE
General note Part of illustrative matter in pocket.
500 ## - GENERAL NOTE
General note A study of the Bagdad porphyry copper deposit and its geologic setting.
504 ## - BIBLIOGRAPHY, ETC. NOTE
Bibliography, etc. note "Literature cited" : p. 98-99.
650 #0 - SUBJECT ADDED ENTRY--TOPICAL TERM
Topical term or geographic name entry element Geology
Geographic subdivision Arizona
-- Yavapai County
650 #0 - SUBJECT ADDED ENTRY--TOPICAL TERM
Topical term or geographic name entry element Ore deposits
Geographic subdivision Arizona
-- Yavapai County.

No items available.

Powered by Koha